Most Famous People by First Name #5 - Statistics

General Stats
  • This quiz has been taken 180 times
    179 since last reset
  • The average score is 10 of 60
Answer Stats
Answer % Correct
Polo
70%
I
64%
II
64%
II of Macedon
64%
II of Spain
64%
Mars
64%
Gorbachev
61%
Hopkins
45%
Bocelli
38%
Taylor
37%
Cage
34%
Magellan
33%
Marley
28%
Mitterrand
28%
Carrey
25%
Dylan
25%
de Cervantes
22%
Bacon
19%
Swift
19%
(Pope)
18%
Marcos
17%
Morrison
15%
Pirlo
15%
Drake
14%
Carlos
13%
Hollande
13%
Baggio
12%
Bourdain
12%
Benigni
11%
Platini
11%
Sarkozy
11%
Hoskins
10%
Totti
9%
Prokofiev
8%
Quinn
8%
Seymour Hoffman
7%
van Basten
7%
Parsons
6%
Mach
5%
Eisenstein
4%
Ganz
4%
Reus
4%
Foucault
3%
Alves
1%
Demme
1%
de Montaigne
1%
Díaz-Canel
1%
Rabelais
1%
Winters
1%
Ángel Asturias
0%
Appert
0%
Bakunin
0%
Borromini
0%
Cossiga
0%
de Saussure
0%
Haeckel
0%
Palladio
0%
Ruska
0%
Sholokhov
0%
Yesenin
0%
No matching quizzes found
Score Distribution
Percent of People with Each Score
Percentile by Number Answered
Your Score History
You have not taken this quiz since the last reset